[Event "It (open)"]
[Site "Griesheim (Germany)"]
[Round "6"]
[White "Zilch Lothar (GER)"]
[Black "Biller Eugen (GER)"]
[Result "1-0"]
[WhiteElo "1955"]
[BlackElo "2057"]

1.c4 c5 2.Nc3 Nc6 3.Nf3 g6 4.e3 Bg7 5.d4 cxd4 6.exd4 a6 7.g3 e6 8.Bg2 Nge7
9.O-O O-O 10.Bg5 h6 11.Be3 Nf5 12.Qd2 Nxe3 13.Qxe3 Qb6 14.Na4 Qb4 15.b3 Rb8
16.Rad1 b5 17.d5 Ne7 18.dxe6 dxe6 19.cxb5 Nd5 20.Qc5 Qxc5 21.Nxc5 Rxb5 22.Ne4
Rd8 23.Nd4 Bxd4 24.Rxd4 Kg7 25.Nc3 Rb4 26.Rfd1 Rxd4 27.Rxd4 Bb7 28.Nxd5 exd5
29.Kf1 Kf6 30.Ke2 Ke5 31.Kd3 f5 32.f4+ Ke6 33.Rb4 Rd7 34.Rb6+ Kf7 35.Rxb7 {#r}
1-0

[Event "It (cat.8) (b)"]
[Site "Santa Clara (Cuba)"]
[Round "7"]
[White "Perdomo Carlos Andres (COL)"]
[Black "Herrera Irisberto (ESP)"]
[Result "0-1"]
[WhiteElo "2413"]
[BlackElo "2487"]

1.c4 c5 2.Nc3 Nc6 3.Nf3 e5 4.g3 g6 5.Bg2 d6 6.O-O Bg7 7.d3 Nge7 8.a3 a5 9.Rb1
Rb8 10.Ne1 Be6 11.Nc2 d5 12.cxd5 Nxd5 13.Ne4 b6 14.Ng5 Bc8 15.Be3 Nde7 16.Bd2
O-O 17.b4 axb4 18.axb4 Nxb4 19.Bxb4 cxb4 20.Rxb4 h6 21.Ne4 Be6 22.Nc3 Qd7 {#R}
0-1

[Event "It (open)"]
[Site "Hamburg (Germany)"]
[Round "3"]
[White "Schleicher Guido (GER)"]
[Black "Mink Hiltrud"]
[Result "1-0"]
[WhiteElo "2227"]
[BlackElo "1733"]

1.c4 c5 2.Nc3 Nc6 3.Nf3 b6 4.g3 Bb7 5.Bg2 Nf6 6.O-O g6 7.e4 d6 8.d4 cxd4
9.Nxd4 Ne5 10.b3 Bg7 11.Bb2 O-O 12.h3 a6 13.f4 Ned7 14.e5 Bxg2 15.exf6 Bxf1
16.fxg7 Kxg7 17.Kxf1 Nf6 18.Nd5 Re8 19.Nf3 Kg8 20.Nxf6+ exf6 21.Qd4 Kg7 22.Ng5
h5 23.Re1 Rxe1+ 24.Kxe1 Qe8+ 25.Kf2 {#r} 1-0

[Event "It (open)"]
[Site "Bad Wiessee (Germany)"]
[Round "6"]
[White "Kick Joachim (GER)"]
[Black "Wahl Gerhard (GER)"]
[Result "1-0"]
[WhiteElo "2129"]
[BlackElo "1971"]

1.c4 c5 2.Nc3 Nc6 3.Nf3 g6 4.e3 Bg7 5.d4 d6 6.Be2 Nf6 7.d5 Ne5 8.Nxe5 dxe5
9.e4 O-O 10.O-O Ne8 11.Be3 b6 12.a3 f5 13.f3 a5 14.Rb1 Nd6 15.b4 Ba6 16.Qb3
axb4 17.axb4 Qc7 18.Rfc1 Rfb8 19.Bd3 Bf6 20.Na4 Bc8 21.bxc5 bxc5 22.Qc2 fxe4
23.fxe4 Rxb1 24.Rxb1 Ra5 25.Nb6 Bg4 26.h3 Ra6 27.Na4 Bc8 28.Nxc5 Ra3 29.Nb3
Ba6 30.c5 Nb5 31.Bc4 Kg7 32.Qc1 Qa7 33.Ra1 Rxa1 34.Qxa1 Qb7 35.c6 Qc8 36.Nc5
{#r} 1-0

[Event "VL Ruhrgebiet 1998/99"]
[Site "Germany"]
[Round "6"]
[White "Dargel Manuel (GER)"]
[Black "Stillger Bernhard (GER)"]
[Result "0-1"]
[WhiteElo "2219"]
[BlackElo "2374"]

1.c4 c5 2.Nc3 Nc6 3.f4 g6 4.Nf3 Bg7 5.d3 e6 6.e4 Nge7 7.Be2 O-O 8.O-O b6 9.g4
d5 10.e5 Bb7 11.Nb5 Qd7 12.Nd6 Ba6 13.g5 Nc8 14.Nb5 N6e7 15.Qa4 Bb7 16.Nc3 Bc6
17.Qc2 Nf5 18.Rd1 Nce7 19.Kf2 Qb7 20.b3 Rfd8 21.a4 Rd7 22.a5 dxc4 23.bxc4 Bxf3
24.Bxf3 Qxf3+ 25.Kxf3 Nd4+ {#R} 0-1

[Event "It (open) "]
[Site "Budapest (Hungary)"]
[Round "2"]
[White "Babos Laszlo (HUN)"]
[Black "Eperjesi Laszlo Dr (HUN)"]
[Result "0-1"]
[WhiteElo "1836"]
[BlackElo "2381"]

1.c4 c5 2.Nc3 Nc6 3.e3 Nf6 4.Nf3 e6 5.Be2 d5 6.a3 d4 7.exd4 cxd4 8.Qc2 dxc3
9.bxc3 e5 10.d3 h6 11.O-O Be7 12.Bb2 Qc7 13.Nd2 O-O 14.d4 Rd8 15.d5 Na5
16.Rad1 b6 17.Rfe1 Bd6 18.Bc1 Re8 19.Ne4 Nxe4 20.Qxe4 f5 21.Qh4 Qe7 22.Qh5 Qf7
23.Bxh6 Qxh5 24.Bxh5 Rf8 25.Bc1 Nxc4 26.a4 Bd7 27.Be2 Rac8 28.Rd3 Bxa4 29.Rg3
f4 30.Rh3 Bd7 31.g4 e4 32.f3 Bxg4 33.fxg4 f3 34.Bxc4 f2+ {#R} 0-1

[Event "Extra League 1999/00"]
[Site "Czech Republic"]
[Round "4"]
[White "Moravec Michal (CZE)"]
[Black "Subrt Jaroslav (CZE)"]
[Result "1-0"]
[WhiteElo "2269"]
[BlackElo "2202"]

1.c4 c5 2.Nc3 Nc6 3.Nf3 e5 4.e3 f5 5.d4 e4 6.d5 exf3 7.dxc6 dxc6 8.Qxf3 Be6
9.e4 Qd7 10.Bg5 h6 11.Rd1 Qf7 12.Be3 g6 13.exf5 gxf5 14.Na4 Rh7 15.b3 Qc7
16.Be2 Bd6 17.O-O b6 18.b4 cxb4 19.c5 bxc5 20.Nxc5 Bxc5 21.Bxc5 Ne7 22.Rd6 Bd5
23.Qe3 Rg7 24.g3 a5 25.Qxh6 Kf7 26.Bh5+ Kg8 27.Bd4 Rh7 28.Qg5+ Kf8 {#r} 1-0

[Event "Staatsliga B Mitte 2000/01"]
[Site "Austria"]
[Date "1999.12.05"]
[Round "5"]
[White "Wirius Johannes (AUT)"]
[Black "Nagl Franz (AUT)"]
[Result "1-0"]
[WhiteElo "2235"]
[BlackElo "2210"]

1.c4 c5 2.Nc3 Nc6 3.Nf3 g6 4.e3 Bg7 5.d4 d6 6.d5 Ne5 7.Nxe5 Bxe5 8.Be2 Bg7
9.g4 f6 10.h4 Nh6 11.e4 Nf7 12.f4 Bd7 13.Be3 Qc8 14.Rc1 O-O 15.f5 g5 16.Qd2 h6
17.Nd1 Ne5 18.Nf2 a5 19.Nd3 Nxd3+ 20.Bxd3 Kf7 21.Ke2 Rg8 22.Qe1 Qc7 23.Bd2 Qb6
24.Bc3 Kf8 25.Kf3 Qc7 26.Qd2 b6 27.Rh3 Qd8 28.Rch1 Be8 29.hxg5 hxg5 30.Rh7 Bf7
31.Bc2 Qd7 32.b3 Qc7 33.Bd3 Qd7 34.a3 Qc7 35.Qb2 Ke8 36.b4 axb4 37.axb4 Kd8
38.Ra1 Rxa1 39.Qxa1 Qb7 40.bxc5 dxc5 41.e5 b5 42.Qa5+ Kc8 43.Be4 Be8 44.exf6
exf6 45.Bxf6 bxc4 46.Qd8# 1-0

[Event "Ch Malaga"]
[Site "Malaga (Spain)"]
[Round "3"]
[White "Munoz Moreno Francisco J (ESP)"]
[Black "Ramos Moreno Francisco Jose (ESP)"]
[Result "1-0"]
[WhiteElo "2291"]
[BlackElo "2011"]

1.c4 c5 2.Nc3 Nc6 3.Nf3 g6 4.e3 Nf6 5.d4 cxd4 6.exd4 d5 7.cxd5 Nxd5 8.Qb3 Nxc3
9.Bc4 Nd5 10.Bxd5 e6 11.Bxc6+ bxc6 12.O-O Ba6 13.Re1 Rb8 14.Rxe6+ fxe6
15.Qxe6+ Qe7 16.Qxc6+ Kf7 17.Qxa6 Rb6 18.Qc4+ Kg7 19.Bf4 h6 20.Be5+ Kh7
21.Bxh8 Kxh8 22.Re1 {#r} 1-0

[Event "It (open)"]
[Site "Schwarzach (Austria)"]
[Round "6"]
[White "Essl Gerhard (AUT)"]
[Black "Loidl Florian (AUT)"]
[Result "0-1"]
[WhiteElo "2053"]
[BlackElo "2180"]

1.c4 c5 2.Nc3 Nc6 3.Nf3 g6 4.e3 Bg7 5.Be2 e5 6.e4 Nge7 7.d3 O-O 8.O-O f5 9.Bg5
h6 10.Bxe7 Nxe7 11.Nd2 d6 12.Bf3 f4 13.Bg4 h5 14.Bxc8 Rxc8 15.g4 Qd7 16.f3
hxg4 17.fxg4 Nc6 18.h3 Bf6 19.Nf3 Rf7 20.Kg2 Rh7 21.Rh1 Kf7 22.g5 Be7 23.Ne2
Rch8 24.h4 Qg4+ 25.Kf2 Nd4 26.Nexd4 Qg3+ 27.Kf1 cxd4 28.Rg1 Qh3+ 29.Kf2 Rxh4
30.Nxh4 Qe3+ 31.Kf1 Rxh4 32.Qe2 f3 33.Qxe3 dxe3 34.Rg3 Rh1+ 35.Rg1 Rh2 36.Rg3
e2+ 37.Kg1 {#R} 0-1

[Event "It (open)"]
[Site "Recklinghausen (Germany)"]
[Round "5"]
[White "Blenkers Christian (GER)"]
[Black "Starp Klaus (GER)"]
[Result "0-1"]
[WhiteElo "2020"]
[BlackElo "2047"]

1.c4 c5 2.Nc3 Nc6 3.e3 g6 4.Nf3 Bg7 5.a3 e5 6.Be2 Nge7 7.O-O O-O 8.d3 d5
9.cxd5 Nxd5 10.Bd2 b6 11.Qc2 Bb7 12.Rfd1 Qd7 13.Nxd5 Qxd5 14.Bc3 Rfd8 15.Rd2
Rac8 16.Rad1 a6 17.b3 b5 18.Ne1 Nd4 19.Bxd4 cxd4 20.Qb1 dxe3 21.fxe3 Bh6
22.Bf3 Bxe3+ 23.Kf1 Qd7 24.Bxb7 Qxb7 25.Re2 Bd4 26.Nf3 Qc7 27.Nxd4 Rxd4
28.Rdd2 Rcd8 29.Qc2 Qd6 30.b4 e4 31.Qc5 exd3 32.Re7 Qf4+ 33.Rf2 Qxh2 34.Rfxf7
Rf4+ 35.Rxf4 Qxf4+ {#R} 0-1

[Event "Ch India (w)"]
[Site "India"]
[Round "4"]
[White "Vijayalakshmi Subbaraman (IND)"]
[Black "Singh Neha (IND)"]
[Result "1-0"]
[WhiteElo "2378"]
[BlackElo "2028"]

1.c4 c5 2.Nc3 Nc6 3.Nf3 g6 4.e3 Bg7 5.Be2 Nf6 6.O-O d5 7.d4 cxd4 8.Nxd4 e5
9.Ndb5 dxc4 10.Qxd8+ Kxd8 11.Bxc4 Be6 12.Rd1+ Ke7 13.b3 a5 14.Bxe6 fxe6 15.a4
Bf8 16.Nd6 Nd5 17.Ncb5 Rb8 18.Bb2 Bg7 19.Rac1 Ndb4 20.Ba3 Rhd8 21.Nc4 Rxd1+
22.Rxd1 Rd8 23.Rxd8 Kxd8 24.Nbd6 Bf8 25.Nxb7+ Kc7 26.Nbxa5 Nb8 27.Nxe5 N8a6
28.Nac4 Bg7 29.Kf1 Bxe5 30.Nxe5 Kd6 31.Nd3 {#r} 1-0

[Event "Czech League 2000/01 (2nd) (b) East"]
[Site "Czech Republic"]
[Round "6"]
[White "Soukup Vaclav (CZE)"]
[Black "Krutina Ivan (CZE)"]
[Result "1-0"]
[WhiteElo "2067"]
[BlackElo "1985"]

1.c4 c5 2.Nc3 Nc6 3.Nf3 b6 4.g3 Bb7 5.Bg2 Nd4 6.e3 Nxf3+ 7.Bxf3 Bxf3 8.Qxf3 g6
9.Nb5 Rb8 10.Nxa7 Bg7 11.O-O Nf6 12.Nb5 O-O 13.e4 d6 14.d4 cxd4 15.Nxd4 Qc7
16.Qe2 Rbc8 17.b3 Qb7 18.Re1 Nxe4 19.Qxe4 Qxe4 20.Rxe4 f5 21.Rxe7 Bxd4 22.Rb1
b5 23.cxb5 Rc2 24.Be3 Bxe3 25.Rxe3 Rxa2 26.Rc1 Ra5 27.Rc7 Rf7 28.b6 Rb5 29.Rc6
Rb7 30.Rc7 Rb8 31.Ree7 R5xb6 32.Rg7+ Kh8 33.Rxh7+ Kg8 34.Rhg7+ Kh8 35.Rh7+ Kg8
36.Rhg7+ Kh8 37.Rxg6 Rd8 38.Rg5 f4 39.Rc4 Rxb3 40.Rxf4 Rb7 41.Rh4+ Rh7
42.Rxh7+ Kxh7 43.Kf1 Kh6 44.h4 Ra8 45.Rd5 Ra6 46.Ke2 Kg6 47.Ke3 Kf6 48.h5 Ke6
49.Rd4 Ke5 50.h6 d5 51.h7 Ra3+ 52.Ke2 Ra2+ 53.Kd3 Ra3+ 54.Kc2 Ra2+ 55.Kb3 Ra8
56.Rh4 Rh8 57.Kc3 Kf6 58.Kd4 Kg7 59.Kxd5 Rd8+ 60.Ke6 Kh8 61.f4 Re8+ 62.Kd7 Rf8
63.Ke7 Rf7+ 64.Ke6 Rg7 65.g4 Rf7 66.g5 Rf8 67.f5 Re8+ 68.Kd7 Ra8 69.g6 Ra7+
70.Ke6 Ra6+ 71.Ke5 Ra7 72.Rd4 Ra8 73.Ke6 Re8+ 74.Kf7 Rf8+ 75.Ke7 Kg7 76.f6+
Kh8 77.g7+ {#r} 1-0

[Event "Ch Europe (railways)"]
[Site "Dresden (Germany)"]
[Round "6"]
[White "Androvic Peter (SVK)"]
[Black "Heinl Achim (GER)"]
[Result "0-1"]
[WhiteElo "2058"]
[BlackElo "2241"]

1.c4 c5 2.Nc3 Nc6 3.e3 e6 4.d4 cxd4 5.exd4 d5 6.cxd5 exd5 7.Bb5 Nf6 8.Nge2 a6
9.Ba4 Be7 10.O-O O-O 11.Bc2 Bg4 12.f3 Bh5 13.Nf4 Bg6 14.Nxg6 hxg6 15.a3 Rc8
16.Be3 Na5 17.Bf2 Nc4 18.b4 Qc7 19.Nb1 Bd6 20.g3 Nb2 21.Qc1 Qxc2 22.Qxc2 Rxc2
23.Ra2 Rfc8 24.Be3 Na4 25.Rxc2 Rxc2 26.Rc1 Rxc1+ 27.Bxc1 Nd7 28.Kf2 Ndb6
29.Ke3 Nc4+ 30.Kd3 Kf8 31.Bg5 f6 32.Bc1 b5 33.Kc2 Ke8 34.Kd3 Kd7 35.Ke2 Bc7
36.Kd3 Bb6 37.h4 Bc7 38.f4 a5 39.bxa5 Bxa5 40.g4 Be1 41.h5 gxh5 42.gxh5 Ke6
43.Ke2 Nc3+ 44.Nxc3 Bxc3 45.Kd3 Bb2 46.Bxb2 Nxb2+ 47.Kc3 Nc4 48.Kb4 Kf5
49.Kxb5 Nxa3+ 50.Kc6 Ke4 51.Kd6 Nb5+ 52.Ke6 Nxd4+ 53.Kf7 Nf5 {#R} 0-1

[Event "It (open)"]
[Site "Avoine (France)"]
[Round "8"]
[White "Beeckmans Felix (BEL)"]
[Black "Guillet Martin (FRA)"]
[Result "1-0"]
[WhiteElo "2293"]
[BlackElo "2140"]

1.c4 c5 2.Nc3 Nc6 3.Nf3 g6 4.d4 cxd4 5.Nxd4 Bg7 6.Nb3 Nf6 7.e4 O-O 8.Be3 d6
9.Be2 Bd7 10.O-O a6 11.f3 Rb8 12.Qd2 Re8 13.Rfc1 b6 14.Bf1 Rb7 15.Qf2 Ne5
16.Nd4 Qb8 17.a4 Rc8 18.b3 Nc6 19.Nxc6 Rxc6 20.Rab1 Rc8 21.g4 Bc6 22.Nd5 Bxd5
23.cxd5 b5 24.Rxc8+ Qxc8 25.Rc1 Rc7 26.Rxc7 Qxc7 27.axb5 axb5 28.Bxb5 Qa5
29.Ba4 h6 30.Qd2 Qc7 31.Qc1 Qa5 32.Kg2 Kh7 33.Qd2 Qc7 34.Qc1 Qb7 35.Qc4 Nd7
36.Qc6 {#r} 1-0

[Event "It (open)"]
[Site "Kiel (Germany)"]
[Round "6"]
[White "Menk Rolf (GER)"]
[Black "Baramidze David (GER)"]
[Result "1-0"]
[WhiteElo "2184"]
[BlackElo "2224"]

1.c4 c5 2.Nc3 Nc6 3.Nf3 g6 4.e3 e6 5.d4 cxd4 6.exd4 d5 7.cxd5 exd5 8.Qb3 Nge7
9.Bb5 Bg7 10.Bg5 O-O 11.O-O Qd6 12.Rfe1 Nf5 13.Qxd5 Ncxd4 14.Nxd4 Bxd4 15.Qxd6
Nxd6 16.Ba4 b5 17.Bb3 b4 18.Nd5 Bf5 19.Rad1 Bc5 20.Be7 Ne4 21.Rxe4 Bxe4
22.Nf6+ {#r} 1-0

[Event "It (open)"]
[Site "Malaga (Spain)"]
[Round "8"]
[White "Munoz Moreno Francisco J (ESP)"]
[Black "Herrera Irisberto (ESP)"]
[Result "0-1"]
[WhiteElo "2291"]
[BlackElo "2467"]

1.c4 c5 2.Nc3 Nc6 3.Nf3 e5 4.g3 g6 5.Bg2 d6 6.d3 Bg7 7.O-O Nge7 8.a3 a5 9.Rb1
Rb8 10.Ne1 Be6 11.Nd5 O-O 12.Nc2 b5 13.Nce3 Qd7 14.Bd2 b4 15.Nxe7+ Nxe7 16.a4
f5 17.Nd5 Bxd5 18.Bxd5+ Nxd5 19.cxd5 f4 20.f3 Qh3 21.g4 h5 22.gxh5 Rf5 23.Kh1
Rxh5 24.Rf2 Kf7 25.Qf1 Qf5 26.b3 Rbh8 27.Qg2 Rg5 28.Qf1 Bf6 29.Rg2 Rgh5 30.Be1
Qd7 31.Qg1 Qb7 32.e4 fxe3 33.Qxe3 Qxd5 34.Qe4 Qxe4 35.fxe4 Bg5 36.Bg3 Bf4
37.Rf1 g5 38.Rf3 Ke6 39.Kg1 g4 40.Rf1 Bxg3 {#R} 0-1

[Event "Ch Ukraine (juniors) (1/2 final)"]
[Site "Kiev (Ukraine)"]
[Round "2"]
[White "Moroz Roman (RUS)"]
[Black "Shtanko Dmitro (UKR)"]
[Result "0-1"]
[WhiteElo "2260"]
[BlackElo "2307"]

1.c4 c5 2.Nc3 Nc6 3.e3 Nf6 4.Nge2 d5 5.Nxd5 Nxd5 6.cxd5 Qxd5 7.Nc3 Qd7 8.Be2
e6 9.O-O Be7 10.b3 O-O 11.a3 Rd8 12.Bb2 Qxd2 13.Qb1 Qd7 14.Qc2 b6 15.Rad1 Qe8
16.Nb5 Qf8 17.Bd3 h6 18.Rd2 Bb7 19.Rfd1 Rac8 20.Bh7+ Kh8 21.Bd3 Rd7 22.Qc4 Na5
23.Qf4 Bg5 24.Qa4 a6 25.Na7 Rcd8 26.h4 Bf6 27.Bxf6 gxf6 28.b4 cxb4 29.axb4 Nc4
30.Rc2 Rxd3 31.Rxd3 Rxd3 32.Rxc4 b5 33.Nxb5 axb5 34.Qxb5 Rd1+ 35.Kh2 Bd5
36.Rd4 Rxd4 37.exd4 Qd6+ 38.Kg1 Kg7 39.Qc5 Qxc5 40.dxc5 Bc6 41.f3 f5 42.Kf2
Kf6 43.Ke3 Ke5 44.f4+ Kd5 45.Kd3 Bb5+ 46.Kc3 f6 47.g3 e5 48.fxe5 fxe5 49.Kd2
Kd4 50.Kc2 e4 51.Kd2 e3+ 52.Kc2 Kc4 53.Kd1 Kxb4 54.c6 Kc3 55.c7 Ba6 56.Ke1 Kd3
57.Kd1 h5 58.Ke1 e2 {#R} 0-1

[Event "It (open)"]
[Site "Le Touquet (France)"]
[Round "1"]
[White "Villette Herve (FRA)"]
[Black "Mohebbi Jaffar (FRA)"]
[Result "0-1"]
[WhiteElo "2013"]
[BlackElo "2300"]

1.c4 c5 2.Nc3 Nc6 3.Nf3 e5 4.e3 f5 5.d4 e4 6.Nd2 Nf6 7.Nb3 d6 8.Be2 Bd7 9.O-O
Be7 10.Bd2 O-O 11.dxc5 dxc5 12.Nd5 Be6 13.Nf4 Bf7 14.Bc3 Bd6 15.Qc2 a5 16.Rfd1
Qe7 17.a3 a4 18.Nd2 Bxf4 19.exf4 Nd4 20.Bxd4 cxd4 21.Re1 d3 22.Bxd3 exd3
23.Qxd3 Qd7 24.Qc2 Qd4 {#R} 0-1

[Event "Moravian League 1999/00 (1st)"]
[Site "Czech Republic"]
[Round "8"]
[White "Cvek Robert (CZE)"]
[Black "Bolacky Jiri (CZE)"]
[Result "1-0"]
[WhiteElo "2408"]
[BlackElo "2157"]

1.c4 c5 2.Nc3 Nc6 3.Nf3 g6 4.e3 Bg7 5.d4 cxd4 6.exd4 d6 7.h3 e5 8.dxe5 dxe5
9.Qxd8+ Nxd8 10.Nd5 Rb8 11.Be3 b6 12.c5 Ne7 13.Bb5+ Kf8 14.cxb6 Nxd5 15.bxa7
Ra8 16.Bc5+ Kg8 17.Rd1 Bb7 18.Bc4 Ne6 19.Rxd5 e4 20.Ng5 Bxb2 21.Nxe6 fxe6
22.Rd7 {#r} 1-0

[Event "It (open)"]
[Site "Leutersdorf (Germany)"]
[Round "7"]
[White "Hempel Olaf Dr (GER)"]
[Black "Ksieski Zbigniew (POL)"]
[Result "0-1"]
[WhiteElo "2172"]
[BlackElo "2377"]

1.c4 c5 2.Nc3 Nc6 3.Nf3 e5 4.e3 Nf6 5.d4 e4 6.Nd2 cxd4 7.exd4 Bb4 8.Nb3 d5
9.a3 dxc4 10.Bxc4 Bd6 11.h3 Bf5 12.Be3 Rc8 13.g4 Bg6 14.Qe2 a6 15.Nd2 h6 16.h4
b5 17.Bb3 Be7 18.h5 Bh7 19.Rd1 O-O 20.Bc2 Nxd4 21.Bxd4 Qxd4 22.Ndxe4 Qe5
23.Nxf6+ Bxf6 24.Bxh7+ Kxh7 25.Qxe5 Bxe5 26.Rd3 f5 27.gxf5 Rxf5 28.f3 a5
29.Kd2 Bf4+ 30.Kd1 Be5 31.Rh4 Bf6 32.Rh2 Bxc3 33.bxc3 Rcc5 34.Rg2 Rxh5 35.f4
Rhd5 36.Ke2 g5 37.fxg5 hxg5 38.Rxd5 Rxd5 39.Ke3 Kg6 40.Ke4 Rc5 41.Kd4 Rf5
42.Rg1 a4 43.Rg2 Kh5 44.Rh2+ Kg4 45.Rh1 Kg3 46.Rc1 g4 47.c4 Rf4+ {#R} 0-1

[Event "Bayern Landesliga South 2000/01"]
[Site "Germany"]
[Round "8"]
[White "Soergel Thomas (GER)"]
[Black "Mittermeier Josef"]
[Result "1-0"]
[WhiteElo "2043"]
[BlackElo "2010"]

1.c4 c5 2.Nc3 Nc6 3.e3 e6 4.Nf3 Nf6 5.Be2 Be7 6.O-O O-O 7.d4 d5 8.cxd5 exd5
9.b3 Bg4 10.dxc5 Bxc5 11.Na4 Be7 12.Bb2 Qd7 13.Ne5 Nxe5 14.Bxe5 Be6 15.Qd4
Rfc8 16.Rac1 b6 17.Ba6 Rxc1 18.Rxc1 Ne8 19.h3 f6 20.Bg3 Nd6 21.Qc3 Ne4 22.Qc6
Qxc6 23.Rxc6 Nxg3 24.Rxe6 Kf7 25.Rxe7+ Kxe7 26.fxg3 d4 27.e4 Rb8 28.Nb2 b5
29.Nd3 Rb6 30.Nc5 b4 31.Bc4 Kd6 32.Nd3 a5 33.Kf2 Rb8 34.g4 Re8 35.Kf3 g5
36.Nb2 Rc8 37.g3 Rc7 38.Ke2 Ke5 39.Kd3 Rc8 40.Nd1 Rc7 41.Nf2 Rc8 42.Ke2 Kd6
43.Nd3 Rc7 44.Ne1 Rc8 45.Kd3 Kc5 46.Nf3 Rd8 47.Bd5 Rh8 48.Nxd4 h5 49.gxh5 Rxh5
50.Be6 Rh8 51.Nf3 Rd8+ 52.Ke2 Ra8 53.h4 gxh4 54.gxh4 a4 55.bxa4 Rxa4 56.Ke3
Kd6 57.Bb3 Ra5 58.Kf4 Rc5 59.Kg4 Ke7 60.h5 Kf8 61.h6 {#r} 1-0

[Event "Ch World (universities) (w)"]
[Site "Golden Sands (Bulgaria)"]
[Round "5"]
[White "Navabi Shirin (IRI)"]
[Black "Polovnikova Ekaterina (RUS)"]
[Result "0-1"]
[WhiteElo "2020"]
[BlackElo "2386"]

1.c4 c5 2.Nc3 Nc6 3.Nf3 e5 4.e3 d6 5.d4 exd4 6.exd4 Bg4 7.Be2 Nf6 8.Be3 Be7
9.O-O O-O 10.h3 Bh5 11.d5 Bxf3 12.Bxf3 Ne5 13.Be2 Re8 14.Bf4 Bf8 15.Re1 Qd7
16.Bd3 g6 17.Qd2 Bg7 18.a3 Nh5 19.Be3 Nxd3 20.Qxd3 f5 21.Bd2 Be5 22.Rab1 Rf8
23.Bh6 Rf7 24.Bd2 Qd8 25.Ne2 Qh4 26.Bc3 Re8 27.b4 b6 28.bxc5 bxc5 29.Bd2 g5
30.Ng3 Nxg3 31.fxg3 Qd4+ 32.Qxd4 Bxd4+ 33.Kh2 Rxe1 34.Rxe1 f4 35.gxf4 gxf4
36.Rf1 Be5 37.Rf3 Kg7 38.h4 Kg6 39.Kh3 h5 40.g3 fxg3 41.Rxf7 Kxf7 42.Be1 Kg6
43.Bxg3 Kf5 44.Kg2 Bxg3 45.Kxg3 Ke4 46.a4 a5 47.Kg2 Kd4 48.Kf3 Kxc4 49.Kf4
Kxd5 50.Kg5 c4 51.Kxh5 c3 52.Kg6 c2 53.h5 c1=Q 54.h6 {#R} 0-1

[Event "It (open)"]
[Site "Hallstahammar (Sweden)"]
[Round "0"]
[White "Nilsson Mattias (SWE)"]
[Black "Mohlin Erik (SWE)"]
[Result "1-0"]
[WhiteElo "2253"]
[BlackElo "2072"]

1.c4 c5 2.Nc3 Nc6 3.Nf3 Nd4 4.g3 Nxf3+ 5.exf3 g6 6.d4 Bg7 7.dxc5 Qa5 8.Qd3 b6
9.cxb6 Ba6 10.Bd2 Qxb6 11.b3 Nf6 12.Qe3 Qc6 13.Bg2 O-O 14.O-O Bb7 15.Qxe7 Rfe8
16.Qa3 Re5 17.Rad1 Bf8 18.Qb2 Rh5 19.Ne4 Nxe4 20.fxe4 f5 21.Qd4 fxe4 22.Bc3 d6
23.Rfe1 Re8 24.Qh8+ Kf7 25.Qf6+ Kg8 26.Rd5 Rh6 27.Rxe4 Rxe4 28.Bxe4 Qe8 29.Re5
dxe5 30.Bxb7 Bg7 31.Bd5+ Kh8 32.Qd6 g5 33.Qc7 Ra6 34.Bf7 Qf8 35.Bxe5 Rxa2
36.Bxg7+ Kxg7 37.Bd5+ Kf6 38.Qxh7 Qe7 39.Qh8+ Kg6 {#r} 1-0

[Event "It (open)"]
[Site "Chania (Greece)"]
[Round "8"]
[White "Istratescu Andrei (ROM)"]
[Black "Shavtvaladze Nikoloz (GEO)"]
[Result "1-0"]
[WhiteElo "2578"]
[BlackElo "2314"]

1.c4 c5 2.Nc3 Nc6 3.Nf3 Nd4 4.e3 Nxf3+ 5.Qxf3 g6 6.g3 Bg7 7.Bg2 Rb8 8.O-O d6
9.b3 Nh6 10.Qe2 Nf5 11.Bb2 a6 12.d3 O-O 13.Nd5 e6 14.Bxg7 Nxg7 15.Nc3 b5 16.f4
b4 17.Ne4 Bb7 18.Qb2 f5 19.Ng5 Qd7 20.Rad1 Bxg2 21.Qxg2 Ne8 22.d4 cxd4 23.Rxd4
h6 24.Nf3 Qc7 25.Rfd1 Qc5 26.Kh1 Rb6 27.g4 Kh7 28.Rg1 fxg4 29.Qxg4 Qf5 30.c5
Qxg4 31.Rxg4 Rc6 32.cxd6 Rxd6 33.Rxb4 Rf7 34.Ne5 Rg7 35.Nc4 Rd3 36.Rb6 Nc7
37.Kg2 a5 38.Kf3 a4 39.Ke2 Rd5 40.h4 axb3 41.axb3 Rb5 42.Rxb5 Nxb5 43.Rg1 Nc3+
44.Kf3 Rb7 45.Nd2 Rd7 46.Ne4 Nxe4 47.Kxe4 Rb7 48.Rb1 Rb5 49.b4 Kg7 50.Kd4 Kf6
51.Kc4 Rb8 52.b5 {#r} 1-0

[Event "Tournament (Elo)"]
[Site "Budapest (Hungary)"]
[Round "4"]
[White "Laczko Janos (HUN)"]
[Black "Bordas Gyula (HUN)"]
[Result "0-1"]
[WhiteElo "2058"]
[BlackElo "2186"]

1.c4 c5 2.Nc3 Nc6 3.Nf3 Nd4 4.e3 Nxf3+ 5.Qxf3 d6 6.d4 Nf6 7.Bd3 Rb8 8.h3 g6
9.O-O Bg7 10.Rd1 cxd4 11.exd4 O-O 12.Be3 b6 13.Qe2 e6 14.Rac1 Bb7 15.c5 d5
16.Na4 Bc6 17.Bb5 Qd7 18.Bxc6 Qxc6 19.b3 b5 20.Nb2 b4 21.Qe1 Ne4 22.Na4 f6
23.f3 Ng5 24.Bf4 Rb7 25.Qe3 Nf7 26.Qf2 g5 27.Bg3 e5 28.Qd2 Rd8 29.Qd3 e4
30.fxe4 dxe4 31.Qc4 Rd5 32.Be1 f5 33.Bxb4 Rbd7 34.Bc3 g4 35.hxg4 Bh6 36.Qe2
fxg4 37.Qxe4 Bxc1 38.Rxc1 g3 39.Re1 Rd8 40.Qf3 Qg6 41.c6 Rf5 42.Qe3 Qxc6
43.Qxg3+ Rg5 44.Qf2 Rg6 45.Nc5 Ng5 46.Re3 Rf8 47.Qe2 Nf3+ 48.Rxf3 Rxf3 49.Qc4+
Rf7 50.d5 Rxg2+ 51.Kxg2 Qg6+ 52.Kh1 Qh5+ 53.Kg1 Qg5+ 54.Kh1 Rf4 55.Be1 Rxc4
56.bxc4 Qc1 57.Nd3 Qd1 {#R} 0-1

[Event "It (open)"]
[Site "Bad Zwesten (Germany)"]
[Round "4"]
[White "Freiberger Arnold"]
[Black "Krensing Jan (GER)"]
[Result "0-1"]
[WhiteElo "1708"]
[BlackElo "2144"]

1.c4 c5 2.Nc3 Nc6 3.Nf3 g6 4.e3 d6 5.d4 cxd4 6.exd4 Bg4 7.Be2 Bg7 8.Be3 Nf6
9.Rc1 O-O 10.O-O d5 11.c5 Ne4 12.h3 Be6 13.a3 Nxc3 14.Rxc3 a5 15.b3 f6 16.Qd2
Re8 17.Bb5 Bf7 18.Rd1 e5 19.Bxc6 bxc6 20.Qb2 Qc7 21.b4 axb4 22.axb4 Reb8
23.Ra3 Rxa3 24.Qxa3 h6 25.Ra1 g5 26.Qc3 e4 27.Ne1 f5 28.Nc2 f4 29.Bd2 Be6
30.Ne1 Rf8 31.Ra3 Qf7 32.f3 Qf6 33.Nc2 Bf5 34.Ra2 e3 35.Nxe3 Qxd4 36.Qxd4 Bxd4
37.Kf2 Re8 38.Ra3 fxe3+ 39.Bxe3 Rxe3 40.Rxe3 Kf7 41.Ke2 Bxe3 42.Kxe3 Ke6
43.Kd4 Bg6 {#R} 0-1

[Event "It (cat.6)"]
[Site "Budapest (Hungary)"]
[Round "2"]
[White "Kallio Heikki (FIN)"]
[Black "Szieberth Adam (HUN)"]
[Result "0-1"]
[WhiteElo "2517"]
[BlackElo "2345"]

1.c4 c5 2.Nc3 Nc6 3.Nf3 g6 4.d4 cxd4 5.Nxd4 Bg7 6.Nc2 Bxc3+ 7.bxc3 Qa5 8.Ne3
d6 9.g3 Be6 10.Bg2 Rc8 11.O-O Nf6 12.f4 Qc5 13.Kh1 Na5 14.Rb1 Bd7 15.Rb4 b6
16.Qd3 Bc6 17.Nd5 Bxd5 18.cxd5 Qxc3 19.Qb5+ Kf8 20.Bb2 Qc5 21.Qa6 Qxb4
22.Qxc8+ Kg7 23.Qc2 Nc4 24.Bc3 Qc5 25.Rc1 Rc8 26.Qd3 Kg8 27.Bd4 Qb5 28.e4 Qa6
29.e5 Ne8 30.e6 f6 31.h4 Rc7 32.f5 Qxa2 33.fxg6 Ne5 34.gxh7+ Kh8 35.Qd1 Rxc1
36.Qxc1 Qc4 37.Qf4 Qe2 38.Bxe5 Qxe5 39.Qh6 Ng7 40.Qg6 a5 41.Kh2 f5 42.Qf7 Kxh7
43.Qxe7 f4 44.Qf7 fxg3+ 45.Kh3 a4 46.e7 a3 47.h5 a2 48.e8=Q Qxe8 49.Qa7 Qxh5+
50.Kxg3 Qe5+ 51.Kh3 a1=Q 52.Be4+ Kh6 53.Qf7 Qh5+ {#R} 0-1

[Event "Ch Costa Rica"]
[Site "San Jose (Costa Rica)"]
[Round "13"]
[White "Cersosico Francisco (CRC)"]
[Black "Barrios Carlos (CUB)"]
[Result "0-1"]
[WhiteElo "2172"]
[BlackElo "2187"]

1.c4 c5 2.Nc3 Nc6 3.e4 g6 4.f4 Bg7 5.Nf3 d6 6.Bd3 e6 7.O-O Nge7 8.Qe1 O-O 9.h3
a6 10.g4 f5 11.exf5 exf5 12.g5 Rb8 13.a4 b6 14.Ra3 Nd4 15.Ne2 Nxf3+ 16.Rxf3
Bb7 17.Rg3 d5 18.Nc3 d4 19.Nd1 Nc8 20.Bf1 Nd6 21.d3 Re8 22.Qf2 Qe7 23.Bd2 b5
24.b3 bxc4 25.bxc4 Bc6 26.Ra1 Rb3 27.Bc1 Qb7 28.Ba3 Nxc4 29.dxc4 d3 30.Bxc5
Bxa1 31.Rxd3 Rxd3 32.Bxd3 Qb3 33.Qc2 Bxa4 34.Qxb3 Bxb3 35.Ne3 a5 36.Kf2 a4
37.Nd5 Bb2 38.Nf6+ Bxf6 39.gxf6 Rc8 40.Ba3 Bxc4 41.Ke3 Bxd3 42.Kxd3 Rb8 43.Kc2
Rb3 {#R} 0-1